Počiatky hokeja v Poprade

Bibliographic Details
Main Author: Ovšonka, Rastislav, 1972- (Author)
Other Authors: Argalács, Mikuláš, 1942- (Photographer)
Format: Article
Language:Slovak
PhysicalDescription:Fotogr.
Subjects:

MARC

LEADER 00000nab a2200000 ar4500
001 vtls010349315
003 SK-MaSNL
005 20260303093355.0
008 171108c2012 xo wr|p|||||||000 b|slo
015 |a SNBRB2008  |2 pppk 
038 |a PPPK 
040 |a PPPKCL  |b slo  |c PPPKCL  |e AACR2 
041 0 |a slo 
044 |a xo  |c SK 
080 |a 796.966  |2 2001 
100 1 |a Ovšonka, Rastislav,  |d 1972-  |4 aut  |9 194552 
245 1 0 |a Počiatky hokeja v Poprade  |c R. Ovšonka ; Foto: archív Mikuláša Argalácsa 
300 |b Fotogr. 
650 0 7 |a hokej  |2 pppkcl  |9 3232 
651 7 |a Poprad (Slovensko)  |2 pppkcl  |9 20155 
700 1 |a Argalács, Mikuláš,  |d 1942-  |4 pht  |9 102749 
773 0 |t Podtatranský kuriér  |g Roč. II, č. 5 (2012), s. 7 
852 |a PPPK  |b KIS3GCP 
999 |c 1815366  |d 1817296